LEADER 01002nam a2200229 i 4500 001 000000081485 003 CaOOAMICUS 005 20260420092855.0 008 180216s1953 it u000 u lat u 013 $a53725 040 $aSeMil$bita 100 0 $aTommaso : d'Aquino,$c.$0(OLS)http://semarc/name/423 245 10$a2: Expositio in Lucam et Ioannem. 264 1$aTaurini ; Romae :$bMarietti,$c1953. 300 $a598 p. ;$c24 cm 773 0 $aTommaso : d'Aquino $tS. Thomae Aquinatis doctoris angelici Catena aurea in quatuor evangelia.$dTaurini ; Romae : Marietti, 1953-$bNova editio taurinensis$g2$w()4451 850 $aSeMil 852 $aSeMil$W1$xVenegono$y1$m2N V 25$j270465$B46716$CSeMilBibl$Z2$F49084 $81 961 $aRecupero: Seminario di Seveso 996 $6245$a2: Expositio in Lucam et Ioannem$9(OLS)http://semarc/title/404554 996 $6264$aTaurini ; Romae :$bMarietti$9(OLS)http://semarc/publisher/30253